01266nam a22003017a 4500003000400000005001700004008004100021040002200062082001800084100002500102245003000127260006000157300002100217366000800238490002700246505001200273505011100285505017900396505001200575650005500587650004700642650004800689650004300737650004500780650005600825650004700881700003600928OSt20230616100946.0221006b |||||||| |||| 00| 0 eng d cBiblioteca Lado V a709.05bG851a aGriffin, Timeeditor aArtforum/bInternacional/ aNew Yorkc1997bNew York editorial and business offices c26.5x27cma120p. eeng aEnerov1997x0864-1315 tLetters tCOLUMNSaPassages Books Hot List After Words Preview: The Whitney Biennial Spin Cycle Real Life Rock tFEATURESaArt in Residence Name Games: The Art of Bertrand Lavier Critical Reflections Flash Track: Craig McDean Photographs Jil Sander Body Work Openings: Pierre Huyghe tREVIEWS 2Tesauro de Arte & ArquitecturaaARTE COMTEMPORANEO 2Tesauro de Arte & ArquitecturaaFOTOGRAFIA 2Tesauro de Arte & ArquitecturaaARTE VISUAL 2Tesauro de Arte & ArquitecturaaLIBROS 2Tesauro de Arte & ArquitecturaaNOTICIAS 2 Tesauro de Arte & ArquitecturaaARTE INTERNACIONAL 2 Tesauro de Arte & ArquitecturaaESCULTURA aNavarreta, Jose Antonioeeditor